Score 0/26 Timer 10:00
0 Plays Today
Position % Correct
Prime MinisterBoris Johnson
99.4%
Chancellor of the ExchequerRishi Sunak
94.9%
Foreign SecretaryDominic Raab
90%
Home SecretaryPriti Patel
89.5%
Health & Social Care SecretaryMatt Hancock
72.4%
Chancellor of the Duchy of LancasterMichael Gove
69.8%
International Trade SecretaryLiz Truss
69%
Defence SecretaryBen Wallace
66.3%
Education SecretaryGavin Williamson
65.1%
Work & Pensions SecretaryTherese Coffey
61%
Business, Energy & Industrial Strategy SecretaryAlok Sharma
60.8%
Leader of the House of CommonsJacob Rees-Mogg
59.2%
Housing, Communities & Local Government SecretaryRobert Jenrick
56.3%
Position % Correct
Environment, Food & Rural Affairs SecretaryGeorge Eustice
55.5%
Transport SecretaryGrant Shapps
54.9%
Justice Secretary (Lord Chancellor)Robert Buckland
54%
International Development SecretaryAnne-Marie Trevelyan
49.7%
Northern Ireland SecretaryBrandon Lewis
48.2%
Chief Secretary to the TreasurySteve Barclay
46.5%
Party ChairmanAmanda Milling
45.3%
Digital, Culture, Media & Sport SecretaryOliver Dowden
44.1%
Scottish SecretaryAlister Jack
43.8%
Welsh SecretarySimon Hart
40.8%
Leader of the House of LordsBaroness Evans
40.2%
Chief WhipMark Spencer
39.4%
Attorney-GeneralSuella Braverman
34%
Remove Ads.
Support Sporcle.
Get the best of Sporcle when you Go Orange. This ad-free experience offers more features, more stats, and more fun while also helping to support Sporcle. Thank you for becoming a member.

You're not logged in!

Compare scores with friends on all Sporcle quizzes.
OR
Log In

Show Comments

Extras

Top Quizzes Today


Score Distribution

Your Account Isn't Verified!

In order to create a playlist on Sporcle, you need to verify the email address you used during registration. Go to your Sporcle Settings to finish the process.

Report this User

Report this user for behavior that violates our Community Guidelines.

Details: